Catholic University of Zimbabwe Library
Online Public Access Catalogue
(OPAC)

Le Deuil d'un pays imaginé (Record no. 24118)

MARC details
000 -LEADER
fixed length control field 03501cam a22006014a 4500
001 - CONTROL NUMBER
control field muse8826
003 - CONTROL NUMBER IDENTIFIER
control field MdBmJHUP
005 - DATE AND TIME OF LATEST TRANSACTION
control field 20210127150947.0
006 - FIXED-LENGTH DATA ELEMENTS--ADDITIONAL MATERIAL CHARACTERISTICS
fixed length control field m o d
007 - PHYSICAL DESCRIPTION FIXED FIELD--GENERAL INFORMATION
fixed length control field cr||||||||nn|n
008 - FIXED-LENGTH DATA ELEMENTS--GENERAL INFORMATION
fixed length control field 120411r20121997onc o 00 0 fre d
020 ## - INTERNATIONAL STANDARD BOOK NUMBER
International Standard Book Number 9782760316355
020 ## - INTERNATIONAL STANDARD BOOK NUMBER
International Standard Book Number 2760316351
020 ## - INTERNATIONAL STANDARD BOOK NUMBER
Canceled/invalid ISBN 9782760304390
020 ## - INTERNATIONAL STANDARD BOOK NUMBER
Canceled/invalid ISBN 2760304396
035 ## - SYSTEM CONTROL NUMBER
System control number (OCoLC)144083606
040 ## - CATALOGING SOURCE
Original cataloging agency MdBmJHUP
Transcribing agency MdBmJHUP
043 ## - GEOGRAPHIC AREA CODE
Geographic area code n-cn---
-- n-cn-qu
050 #4 - LIBRARY OF CONGRESS CALL NUMBER
Classification number F1053.2
Item number M273 1997
082 0# - DEWEY DECIMAL CLASSIFICATION NUMBER
Classification number 971/.004114
Edition number 21
100 1# - MAIN ENTRY--PERSONAL NAME
Personal name Martel, Marcel,
Dates associated with a name 1965-
245 13 - TITLE STATEMENT
Title Le Deuil d'un pays imaginé
Remainder of title Rêves, luttes et déroute du Canada français /
Statement of responsibility, etc. Marcel Martel.
264 #1 - PRODUCTION, PUBLICATION, DISTRIBUTION, MANUFACTURE, AND COPYRIGHT NOTICE
Name of producer, publisher, distributor, manufacturer Presses de l'Universite d'Ottawa,
264 #3 - PRODUCTION, PUBLICATION, DISTRIBUTION, MANUFACTURE, AND COPYRIGHT NOTICE
Name of producer, publisher, distributor, manufacturer Project MUSE,
300 ## - PHYSICAL DESCRIPTION
Extent 1 online resource (1 electronic text 203 p.) :
Other physical details digital file.
490 0# - SERIES STATEMENT
Series statement Collection Amerique française
500 ## - GENERAL NOTE
General note Issued as part of book collections on Project MUSE.
500 ## - GENERAL NOTE
General note Issued as part of book collections on Project MUSE.
504 ## - BIBLIOGRAPHY, ETC. NOTE
Bibliography, etc. note Includes bibliographical references and index.
505 0# - FORMATTED CONTENTS NOTE
Formatted contents note Remerciements -- Tableau des sigles --; Chronologie -- Introduction -- Chapitre un: Le Canada français se decouvre : formulation d'un projet de societe (1867-1937) -- Chapitre deux: Le Conseil de la vie française en Amerique : un pilier du reseau institutionnel canadien-français -- Chapitre trois: Le Canada français à l'oeuvre : le Conseil de la vie française en Amerique (1945-1960) -- Chapitre quatre: De l'euphorie au desenchantement : l'intervention gouvernementale quebecoise (1956-1975) -- Chapitre cinq: Les annees 1960 : contestations et transformations du projet du Canada français.
506 0# - RESTRICTIONS ON ACCESS NOTE
Terms governing access Open Access
Standardized terminology for access restriction Unrestricted online access
Source of term star
520 ## - SUMMARY, ETC.
Summary, etc. Depuis 1960, les relations entre le Quebec et la francophonie canadienne n'ont pas cesse de s'effriter. En fait, la Revolution tranquille a apporte dans son sillage le renouvellement du discours identitaire au Canada français. Marcel Martel nous livre ici une fascinante etude historique et politique des rapports entre ces communautes de 1867 à 1975, annee precedent l'election du Parti Quebecois. Faisant l'etude de quelques-uns des principaux catalyseurs tels l'Ordre de Jacques-Cartier, le Conseil de la vie française en Amerique, l'Association canadienne-française d'education de l'Ontario, le D.
550 ## - ISSUING BODY NOTE
Issuing body note Co-published by: Centre de recherche en civilisation canadienne-française.
588 ## - SOURCE OF DESCRIPTION NOTE
Source of description note Description based on print version record.
610 20 - SUBJECT ADDED ENTRY--CORPORATE NAME
Corporate name or jurisdiction name as entry element Conseil de la vie française en Amerique.
650 #0 - SUBJECT ADDED ENTRY--TOPICAL TERM
Topical term or geographic name entry element Nationalism
Geographic subdivision Quebec (Province)
651 #0 - SUBJECT ADDED ENTRY--GEOGRAPHIC NAME
Geographic name Quebec (Province)
General subdivision History
-- Autonomy and independence movements.
655 #0 - INDEX TERM--GENRE/FORM
Genre/form data or focus term Electronic books.
655 #7 - INDEX TERM--GENRE/FORM
Genre/form data or focus term Electronic books.
Source of term local
710 2# - ADDED ENTRY--CORPORATE NAME
Corporate name or jurisdiction name as entry element Project Muse.
710 2# - ADDED ENTRY--CORPORATE NAME
Corporate name or jurisdiction name as entry element Universite d'Ottawa.
Subordinate unit Centre de recherche en civilisation canadienne-française.
776 18 - ADDITIONAL PHYSICAL FORM ENTRY
Relationship information Print version:
International Standard Book Number 2760304396
-- 9782760304390
710 2# - ADDED ENTRY--CORPORATE NAME
Corporate name or jurisdiction name as entry element Project Muse.
Relator term distributor
830 #0 - SERIES ADDED ENTRY--UNIFORM TITLE
Uniform title Collection Amerique française.
830 #0 - SERIES ADDED ENTRY--UNIFORM TITLE
Uniform title Book collections on Project MUSE.
856 40 - ELECTRONIC LOCATION AND ACCESS
Public note Full text available:
Uniform Resource Identifier <a href="https://muse.jhu.edu/book/12432/">https://muse.jhu.edu/book/12432/</a>
945 ## - LOCAL PROCESSING INFORMATION (OCLC)
a Project MUSE - Archive History Foundation
945 ## - LOCAL PROCESSING INFORMATION (OCLC)
a Project MUSE - Archive Complete Foundation
Holdings
Withdrawn status Lost status Source of classification or shelving scheme Damaged status Not for loan Home library Current library Shelving location Date acquired Total Checkouts Full call number Date last seen Uniform Resource Identifier Price effective from Koha item type
          Digital Library Digital Library Online Access 27.01.2021   F1053.2 M273 1997 27.01.2021 https://muse.jhu.edu/book/12432/ 27.01.2021 eBook

OPENING HOURS

Weekdays: 0815hrs - 1800hrs
Weekends:0900hrs - 1200hrs

Closed for Mass:

Mon, Thur: 1200hrs - 1300hrs
Sunday & Public Holiday’s

CALL SUPPORT

0242-570570, 0242-570169
09200664, +263 8644140602

LOCATION

18443, Cranborne Avenue, Hatfield, Harare

Other Links


©2021 | CUZ Library